000 01028nam a22001935i 4500
001 154072
003 ES-MaACL
005 20230906205517.0
008 051019s1860 sp | |||||||| ||cat d
040 _aCAM
_bspa
_cCAM
100 1 _aFerrer Fernández, Joseph Antoni.
_9127063
245 1 1 _a¡Ja tornan! : pessa patriótica en un acte /
_coriginal y en vers de Joseph Antoni Ferrer Fernández ; coros de Francisco Porcell ; bailables per Francisco Llampallas.
260 _aBarcelona :
_b[s.n.],
_c1860 (
_fImpr. de la Publicitat de Antoni Flotats)
300 _a[4] p., p. 87-108, [4] p. ;
_c18 cm.
500 _aEn port.: Estrenada en lo Gran Teatro del Liceo pera obsequiar als Voluntaris de Catalunya á la tornada de la campanya de Africa.
700 1 _aPorcell, Francisco.
_9131283
700 1 _aLlampallas, Francisco.
_9128993
852 _aES-MaACL
_jF-8618(2)
_z-- Enc. pasta española
_z-- Enc. en un vol. facticio formando parte de la col. facticia "Teatro español moderno", vol. 73
_q.- Falto de la cub. original
999 _c154072
_d154072